Zvyšovanie atraktívnosti regiónu Gemer prostredníctvom produktov cestovného ruchu bakalárska práca

Salvato in:
Dettagli Bibliografici
Autore principale: Dudášová, Malvína
Ente Autore: Obchodná fakulta EU. Katedra tovaroznalectva a kvality tovaru
Altri autori: Krnáčová, Paulína, 1983-
Natura: Libro
Lingua:slovacco
Pubblicazione: Bratislava 2017
Tags: Aggiungi Tag
Nessun Tag, puoi essere il primo ad aggiungerne!!

MARC

LEADER 00000nbm a2200000 4500
001 0232821
005 20171003144035.2
041 0 |a slo 
044 |a SK 
245 1 0 |a Zvyšovanie atraktívnosti regiónu Gemer prostredníctvom produktov cestovného ruchu  |b bakalárska práca  |c Malvína Dudášová ; školiteľ: Paulína Krnáčová 
264 1 |a Bratislava  |c 2017 
300 |a 48 s. 
100 1 |a Dudášová, Malvína 
700 1 |a Krnáčová, Paulína, 1983- 
710 2 |a Obchodná fakulta EU. Katedra tovaroznalectva a kvality tovaru